A szellemi szabadfoglalkozások [!szabad foglalkozások] megadóztatása

Elmentve itt :
Bibliográfiai részletek
Szerző: Szekerke Lajos
Dokumentumtípus: Cikk
Megjelent: 1927
Sorozat:Polgári jog : a hazai és külföldi magánjog és hiteljog szemléje 3
Kulcsszavak:Adózás
Online Access:http://misc.bibl.u-szeged.hu/4745
LEADER 00632nab a2200169 i 4500
001 misc4745
005 20191106143005.0
008 170607s1927 hu o 0|| hun d
040 |a SZTE Miscellanea Repozitórium  |b hun 
041 |a hun 
100 1 |a Szekerke Lajos 
245 1 2 |a A szellemi szabadfoglalkozások [!szabad foglalkozások] megadóztatása  |h [elektronikus dokumentum] /  |c  Szekerke Lajos 
260 |c 1927 
300 |a 161-165f 
490 0 |a Polgári jog : a hazai és külföldi magánjog és hiteljog szemléje  |v 3 
695 |a Adózás 
856 4 0 |u http://misc.bibl.u-szeged.hu/4745/1/polgari_jog_1927_161-165f.pdf  |z Dokumentum-elérés